[Event "Torun-Bydgoszcz m"]
[Site "Przysiek"]
[Date "2005.12.04"]
[Round "?"]
[White "Witkowski, Jerzy"]
[Black "Grabowski, Marek"]
[Result "0-1"]
[WhiteElo "2000"]
[BlackElo "2000"]
[PlyCount "80"]
[EventDate "2005.12.04"]
[EventType "team"]
[EventRounds "1"]
[EventCountry "POL"]
[SourceTitle "EXT 2007"]
[Source "ChessBase"]
[SourceDate "2006.11.23"]
[SourceVersion "1"]
[SourceVersionDate "2006.11.23"]
[SourceQuality "1"]

1. b4 a5 2. b5 c6 3. a4 Nf6 4. c4 d5 5. e3 Bf5 6. d4 Nbd7 7. c5 e5 8. Bd3 Bxd3 9. Qxd3 exd4 10. exd4 Ne4 11. Ne2 Qf6 12. 0-0 Ndxc5 13. Qe3 Ne6 14. Nbc3 Nxc3 15. Qxc3 Bb4 16. Qd3 0-0 17. Ba3 Bxa3 18. Rxa3 Rac8 19. Rc1 cxb5 20. Rxc8 Rxc8 21. axb5 Nxd4 22. g3 Nxe2+ 23. Qxe2 b6 24. Rf3 Qe6 25. Re3 Qd7 26. Re7 Qd8 27. Rb7 h6 28. Qf3 f6 29. Qf5 Rb8 30. Qe6+ Kh8 31. Rxb8 Qxb8 32. Qxd5 a4 33. Qd4 a3 34. Qa4 Qd6 35. Qa8+ Kh7 36. Kg2 Qb4 37. Qa6 Qe4+ 38. Kh3 Qe6+ 39. g4 Qb3+ 40. Kg2 a2 0-1